Size of countries comparison - Statistics

General Stats
  • This quiz has been taken 256 times
  • The average score is 5 of 10
Answer Stats
Question Answer % Correct
Which country of the following is the LARGEST in area? Canada
96%
Which country of the following is the LARGEST in area? Mongolia
72%
Which country of the following is the LARGEST in area? India
52%
Which country of the following is the LARGEST in area? Democratic Republic of the Congo
48%
Which country of the following is the LARGEST in area? Norway
44%
Which country of the following is the LARGEST in area? Sierra Leone
36%
Which country of the following is the LARGEST in area? Gabon
32%
Which country of the following is the LARGEST in area? Paraguay
32%
Which country of the following is the LARGEST in area? South Sudan
32%
Which country of the following is the LARGEST in area? Guyana
12%
No matching quizzes found
Score Distribution
Percent of People with Each Score
Percentile by Number Answered
Your Score History
You have not taken this quiz